Moderná forma edukácie zamestnancov samospráv prostredníctvom e-learningového vzdelávania

E-learning ako moderná forma vzdelávania zamestnancov samospráv. Alternatívy e-learningového vzdelávania. Evaluácia e-learningového vzdelávania. Analýza záujmu zamestnancov samospráv o e-learningové vzdelávanie.

Gespeichert in:
Bibliographische Detailangaben
1. Verfasser: Dodecký, Jaroslav
Weitere Verfasser: Marasová, Zuzana
Format: Buchkapitel
Sprache:Slowakisch
Schlagworte:
Tags: Tag hinzufügen
Keine Tags, Fügen Sie das erste Tag hinzu!

MARC

LEADER 00000nla$a2200000$$$4500
001 0129181
005 20221107083855.7
041 0 |a slo 
044 |a SK 
245 1 0 |a Moderná forma edukácie zamestnancov samospráv prostredníctvom e-learningového vzdelávania  |c Jaroslav Dodecký, Zuzana Marasová 
520 |a E-learning ako moderná forma vzdelávania zamestnancov samospráv. Alternatívy e-learningového vzdelávania. Evaluácia e-learningového vzdelávania. Analýza záujmu zamestnancov samospráv o e-learningové vzdelávanie. 
610 2 0 |a správa verejná 
610 2 0 |a samospráva 
610 2 0 |a zamestnanci 
610 2 0 |a vzdelávanie elektronické 
100 1 |a Dodecký, Jaroslav 
700 1 |a Marasová, Zuzana